000 00317nam a22001337a 4500
008 170405b xxu||||| |||| 00| 0 eng d
020 _a0702010537
041 _aeng
080 _a616.34
100 _a9
101 _aSHM
245 _aPRECANCEROUS LESIONS OF THE GASTROINTESTINAL TRACT
_cTINDALL, B
942 _2udc
_cBK
999 _c9857
_d9857